Psychologické zásady riadiacej práce a motivovania pracovníkov

Na minha lista:
Detalhes bibliográficos
Autor principal: Kovačič, Vincent
Formato: Livro
Idioma:eslovaco
Publicado em: Bratislava Vysoká škola ekonomická 1978
Tags: Adicionar Tag
Sem tags, seja o primeiro a adicionar uma tag!

MARC

LEADER 00000nam a2200000 4500
001 c120036
005 20250703084300.1
041 0 |a slo 
044 |a SK 
245 1 0 |a Psychologické zásady riadiacej práce a motivovania pracovníkov  |c Vincent Kovačič 
264 1 |a Bratislava  |b Vysoká škola ekonomická  |c 1978 
300 |a 66 s. 
100 1 |a Kovačič, Vincent